000
00344 a2200157 4500
001
48405
020
_a
9788555430985
040
_c
Anchieta - Bela Vista
100
_a
Kunnas, Mauri
240
1
0
_a
Aventuras no espaço
_l
por
245
1
0
_a
Aventuras no espaço
300
_a
53
362
0
_a
2017
650
4
_a
Literatura juvenil
942
_c
BK
999
_c
48405
_d
48405